000 00695nam a2200241Ia 4500
003 OSt
005 20220918223157.0
006 a|||||r|||| 00| 0
007 ta
008 220917b |||||||| |||| 00| 0 eng d
024 _a220,885
037 _cTextual
040 _aARTS
_cARTS
_beng
041 _2eng
_aeng
082 _a2:88, P4(2D)
100 _aFeather John Ed.
_9145092
245 0 _aManaging preservation for libraries and archives
_b Current practice and future developments
260 _aEngland
_bAshgate
_c2004
300 _axi, 181p.
_ccm.
650 _aLIBRARY SCIENCE
942 _h2:88, P4(2D)
_cTEXL
_2CC
999 _c277684
_d277684